| 000 | 00423nam a2200157Ia 4500 | ||
|---|---|---|---|
| 008 | 210210b2006 xxu||||| |||| 00| 0 eng d | ||
| 020 | _a81 8205 382 X | ||
| 082 | _a620.8 JOSE | ||
| 100 | _aJOSHI (Rajmohan). Ed. | ||
| 245 | _aEnvironmental biotechnology. | ||
| 260 |
_aDelhi _bIsha Books _c2006 |
||
| 300 | _avi,284 | ||
| 650 | _aEnvironmental Biotechnology | ||
| 690 | _aEnvironmental Biotechnology | ||
| 906 | _a061523 | ||
| 999 |
_c108343 _d108343 |
||